Estadísticas para Nombra un país africano válido

Haz click aquí para intentar la prueba.

Estadísticas generales

  • Esta prueba ha sido intentada 7.248 veces
  • La puntuación promedio es 14 de 17

Estadísticas de respuestas

Nombra un país africano...Países% Correcto
que toca el mar mediterraneoArgelia | Egipto | Libia | Marruecos | Túnez
99%
que es un país isleñoCabo Verde | Comoras | Madagascar | Mauricio | Seychelles | Santo Tomé y Príncipe
97%
cuyo nombre tiene 4 letrasChad | Malí | Togo
96%
con más de 100 millones de personasEgipto | Etiopía | Nigeria
96%
con una esperanza de vida superior a 70 añosArgelia | Cabo Verde | Egipto | Libia | Mauricio | Marruecos | Seychelles | Túnez
90%
con el portugués como idioma oficialAngola | Cabo Verde | Guinea Ecuatorial | Guinea-Bissau | Mozambique | Santo Tomé y Príncipe
87%
con una costa de al menos 2.500 kilómetrosMadagascar | Mozambique | Egipto | Sudáfrica | Marruecos
86%
considerado parte del Cuerno de ÁfricaYibuti | Eritrea | Etiopía | Somalia
83%
que toca el lago VictoriaKenia | Tanzania | Uganda
82%
que limita con LiberiaCosta de Marfil | Guinea | Sierra Leona
77%
que es una monarquíaSuazilandia | Lesoto | Marruecos
75%
en el desierto de KalahariBotsuana | Namibia | Sudáfrica
71%
con una capital que termina en "O"Benín | Costa de Marfil | Egipto | Guinea Ecuatorial | Madagascar | Malí | Mozambique | Somalia
69%
con un ingreso per cápita más alto que
Sudáfrica (2019, PPP)
Argelia | Botsuana | Gabón | Guinea Ecuatorial | Mauricio | Seychelles
66%
con más del 60% de su área total cubierta por bosqueSeychelles | Gabón | Mozambique | República del Congo | Zimbabue
66%
con una elevación mínima de más de 500 metrosBotsuana | Burundi | Lesoto | Ruanda | Uganda
63%
que era un país soberano en 1900Etiopía | Liberia | Marruecos
63%

Distribución de puntuación

Porcentaje por número respondido

Porcentaje de gente con cada puntuación

Historial de tus puntuaciones

No has intentado esta prueba.